| 000 | 00381 a2200121 4500 | ||
|---|---|---|---|
| 001 | ART_44286 | ||
| 005 | 20260410161938.0 | ||
| 008 | 260409a | ||
| 245 | 1 | 0 | _aThe "big push" in an open economy with nontradable inputs |
| 100 | 1 | _aSkott, Peter | |
| 700 | 1 | _aRos, Jaime | |
| 773 | 0 |
_tJournal of post Keynesian economics _g- Vol. 20, NÂș 1 (sep. 1997) _wREV26226 |
|
| 999 |
_c29231 _d29231 |
||